| 000 | 01057cam a2200289 a 4500 | ||
|---|---|---|---|
| 001 | 3051196 | ||
| 003 | OSt | ||
| 005 | 20230606122354.0 | ||
| 008 | 960408s1996 nyua b 001 0 eng | ||
| 020 | _a0198280947 | ||
| 020 | _a0198280882 (pbk.) | ||
| 040 |
_aDLC _cDLC _dDLC |
||
| 043 | _ad------ | ||
| 082 | 0 | 0 |
_a341.76 _220 |
| 100 | 1 |
_aBlack, Maggie, _d1945- |
|
| 245 | 1 | 0 |
_aChildren first : _bthe story of UNICEF, past and present / _cMaggie Black. |
| 260 |
_aOxford ; _aNew York : _bOxford University Press, _c1996. |
||
| 300 |
_axvii, 361 p. : _bill. ; _c24 cm. |
||
| 504 | _aIncludes bibliographical references (p. [307]-336) and index. | ||
| 610 | 2 | 0 |
_aUNICEF _xHistory. |
| 650 | 0 |
_aChild welfare _xHistory. |
|
| 650 | 0 |
_aChild welfare _zDeveloping countries _xHistory. |
|
| 856 | 4 | 2 |
_3Publisher description _uhttp://www.loc.gov/catdir/enhancements/fy0638/96008167-d.html |
| 906 |
_a7 _bcbc _corignew _d1 _eocip _f19 _gy-gencatlg |
||
| 942 |
_2ddc _cBK |
||
| 999 |
_c658 _d658 |
||